Marques par anciens logos - Statistiques

Statistiques générales
  • Ce quiz a été pris 303 fois
  • Le résultat moyen est 11 sur 14
Statistiques - réponses
Par images Réponse % Correct
Lacoste
99%
Twitter
99%
Adidas
98%
IKEA
96%
Deezer
94%
Apple
91%
Super U
87%
Gucci
85%
Volkswagen
83%
Puma
79%
Mercedes
74%
Citroën
70%
Asics
25%
Air France
7%
Aucun quiz correspondant
Distribution des résultats
% des personnes avec chaque résultat
Percentile par nombre de réponses
Votre historique - résultats
Vous n’avez pas pris ce quiz